| 000 | 00545cam a2200169u 4500 | ||
|---|---|---|---|
| 001 | 000001130 | ||
| 005 | 20200929145502.0 | ||
| 008 | 820312s1949 fr 000 0 fre | ||
| 040 |
_aDO-SdBNP _bspa _cBNPHU |
||
| 082 | _bL493c | ||
| 100 | 1 |
_aLeflon, Jean, _d1893-1979. _93866 |
|
| 245 | 1 | 3 | _aLa crise revolutionnaire, 1789-1846. |
| 260 |
_a[Paris] : _bBloud & Gay, _c1949. |
||
| 300 |
_a524 p. ; _c25 cm. |
||
| 651 | 0 |
_aFrance _xHistory _yRevolution, 1789-1799 _xReligious Aspects. _93867 |
|
| 610 | 2 | 0 |
_aCatholic Church _xHistory. [from old catalog] _93868 |
| 999 |
_c1085 _d1085 |
||